Vrai ou Faux 100 questions rapides - Click Quiz - Statistiques

Statistiques générales
  • Ce quiz a été pris 293 fois
  • Le résultat moyen est 53 sur 100
Statistiques - réponses
Hint Réponse % Correct
Christophe Colomb a débarqué en Amérique sans le savoir Vrai
68%
La tomate est un fruit Vrai
67%
Le président français actuel est François Bayrou Faux
66%
Votre téléphone ou ordinateur n'a plus de batterie Faux
66%
Le chien de Tintin s'appelle Milou Vrai
66%
La maison du troisième petit cochon est construite en briques Vrai
66%
Bonjour en italien se dit "Hola" Faux
65%
John F. Kennedy est toujours vivant Faux
65%
On peut regarder des films sur Netflix Vrai
65%
La statue de la Liberté a été construite par la France Vrai
65%
Les rêves se produisent lors du sommeil Vrai
65%
La rue de la Paix est la plus chère au Monopoly Vrai
65%
Vous avez les yeux fermés Faux
64%
La Belgique est un département français Faux
64%
Luigi est le frère de Mario Vrai
64%
Le Royaume-Uni fait partie de l'Union Européenne Faux
63%
Il vous reste 3 minutes 20 avant fin de ce quiz Faux
63%
Le Vatican est le plus petit pays au monde Vrai
63%
L'ennemi juré d'Harry Potter s'appelle Voldemort Vrai
63%
Fanta est une marque de soda Vrai
63%
La Révolution française s'est déroulée en 1789 Vrai
62%
Le chanteur Claude François était surnommé "Cloclo" Vrai
62%
"Roméo et Juliette" est une pièce de théâtre Vrai
62%
Le contraire de "subjectif" est "objectif" Vrai
62%
Le husky est une race de chien Vrai
62%
La lettre la plus fréquente dans la lange française est le E Vrai
61%
Charles de Gaulle est le fondateur de la Ve République Vrai
61%
Sète frase contien des fotes d'ortaugraffes Vrai
61%
Ulysse est le personnage central dans "L'Odyssée" Vrai
61%
Les attentats contre Charlie Hebdo ont eu lieu en 2001 Faux
60%
Vous êtes en train de créer un quiz sur JetPunk Faux
60%
Personne n'a survécu au naufrage du Titanic Faux
60%
Un sauna, c'est très froid Faux
60%
La Bible est le livre le plus vendu au monde Vrai
60%
Le Nigeria est plus peuplé que la France Vrai
60%
Nous hommes des homo sapiens Vrai
60%
Les Oscars ne récompensent que les films français Faux
59%
Gandhi était algérien Faux
59%
La souris est un mammifère Vrai
59%
La pizza est d'origine italienne Vrai
59%
Le premier homme sur la Lune a été Neil Armstrong Vrai
58%
Le mur de Berlin a été construit par les États-Unis Faux
57%
Un microscope est fait pour observer les étoiles Faux
57%
Manhattan se trouve à Los Angeles Faux
57%
L'être vivant qui fait le plus de morts est l'homme Vrai
57%
Vichy a déjà été la capitale de la France Vrai
57%
Vercingétorix a perdu la bataille d'Alésia Vrai
57%
M. Poubelle a inventé la poubelle Vrai
57%
La sœur de Serena Williams s'appelle Vénus Vrai
57%
Le Mont Blanc se situe dans les Pyrénées Faux
56%
Il y a 12 dieux de l'Olympe Vrai
56%
Picasso a peint Guernica Vrai
56%
L'étoile la plus brillante du ciel est le Soleil Vrai
55%
Le saphir est de couleur bleue Vrai
55%
L'auteur de "Les Misérables" est Jules Verne Faux
54%
5000+6000=1100 Faux
54%
L'être humain a 10 ongles au total Faux
54%
La k-pop est originaire du Japon Faux
54%
La vidéo la plus vue sur YouTube est "Baby Shark" Vrai
54%
Le dernier roi de France est Louis XIV Faux
53%
Le théorème de Pythagore calcule le périmètre du cercle Faux
53%
Les chats ont 9 vies Faux
53%
Le dioxyde de carbone est un atome Faux
52%
L'orage est à l'origine des arc-en-ciel
Faux
52%
La capitale de la Corée du Nord est Séoul Faux
51%
Le plus grand fleuve situé entièrement en France est la Loire Vrai
51%
Pluton est une planète du système solaire Faux
50%
Le jaune est une couleur primaire Vrai
50%
Rome était la capitale de la Grèce antique Faux
49%
L'Argentine a gagné la Coupe du Monde de Football en 2018 Faux
49%
Les fantômes n'existent pas Vrai
49%
L'Écosse est un pays indépendant Faux
48%
Une année bissextile contient 365 jours Faux
48%
Pokémon est un Pikachu Faux
48%
La plus grande ville du Canada est Toronto Vrai
48%
Les étoiles filantes ne sont pas des étoiles Vrai
48%
"Bouclier" est l'anagramme de "éblouir" Faux
47%
C'est Einstein qui a dit "Rien ne se crée, rien ne se perd, tout se transforme" Faux
47%
Le prénom de Galilée était Galileo Vrai
47%
J'ai publié ce quiz à 14h60 Faux
45%
Il y a 101 départements en France Vrai
45%
Le poisson Steve est orange Vrai
45%
La lettre Ö fait partie de la langue française Faux
43%
François Mitterrand a aboli la peine de mort en France Vrai
43%
Les Sept Merveilles du Monde antique existent toujours Faux
41%
Astérix a été créé par Hergé Faux
40%
La Grande Muraille de Chine est visible depuis la Lune Faux
40%
Les plantes carnivores ont des dents Faux
40%
La République Démocratique du Congo est démocratique Faux
38%
L'Ontario est un État des États-Unis Faux
38%
Sherlock Holmes n'a jamais existé Vrai
38%
Oméga est la dernière lettre de l'alphabet grec Vrai
38%
Le chef-lieu de la Bretagne est Brest Faux
36%
Les cochons d'Inde sont des hamsters Faux
35%
Il n'y a pas d'araignées en Islande Faux
35%
Les nombres premiers n'ont aucun diviseur Faux
33%
Les cellules se trouvent dans les gènes Faux
33%
Quand ce quiz sera terminé, le temps s'arrêtera Faux
28%
Bob Marley portait des tresses Faux
27%
Les dinosaures ont disparu il y a 65 000 milliards d'années Faux
24%
Aucun quiz correspondant
Distribution des résultats
% des personnes avec chaque résultat
Percentile par nombre de réponses
Votre historique - résultats
Vous n’avez pas pris ce quiz